|
|
|
|
| LEADER |
00000nam a2200000Ia 4500 |
| 008 |
150727b2006 us ||||| |||| 00| | spa d |
| 020 |
|
|
|a 9789280639902/ 10: 9280639900
|
| 090 |
|
|
|a 14.02.02
|b 1427
|
| 110 |
2 |
|
|a United Nation's International Children's Emergency Fund
|9 532
|
| 245 |
1 |
0 |
|a Progreso para la infancia: un balance sobre la nutrición /
|c United Nation's International Children's Emergency Fund
|
| 260 |
|
|
|a New York :
|b UNICEF,
|c 2006
|
| 300 |
|
|
|a 33 páginas;
|b ilustrado
|
| 650 |
1 |
4 |
|a INFANCIA
|9 533
|
| 650 |
1 |
4 |
|a NUTRICIÓN
|9 534
|
| 650 |
1 |
4 |
|a SUPERVIVENCIA INFANTIL
|9 535
|
| 651 |
|
4 |
|a AFRICA
|9 537
|
| 651 |
|
4 |
|a ASIA
|9 538
|
| 651 |
|
4 |
|a AMÉRICA LATINA
|9 273
|
| 651 |
|
4 |
|a CARIBE
|9 539
|
| 942 |
|
|
|i 003094
|h 14.02.02 1427
|2 z
|c 01
|
| 999 |
|
|
|c 114
|d 114
|